Direktmandate im Bundestag, 20. Legislaturperiode - Statistiken

Allgemein
  • Dieses Quiz wurde 88 mal gespielt
  • Das Durchschnittsergebnis liegt bei 36 aus 299
Antwortstatistiken
Tipp MdB % Korrekt
Wahlkreis 1: Flensburg – Schleswig, Bündnis90/Die Grünen - Wirtschaftsminister Robert Habeck
91%
Wahlkreis 61: Potsdam – Potsdam-Mittelmark II – Teltow-Fläming II, SPD, Bundeskanzler Olaf Scholz
80%
Wahlkreis 147: Hochsauerlandkreis, CDU, Parteivorsitzender, Fraktionsvorsitzender ab Februar 2022 Friedrich Merz
74%
Wahlkreis 84: Berlin-Treptow – Köpenick, Die Linke Gregor Gysi
71%
Wahlkreis 80: Berlin-Charlottenburg – Wilmersdorf, SPD Michael Müller
68%
Wahlkreis 294: Ravensburg, CDU Axel Müller
67%
Wahlkreis 175: Main-Kinzig – Wetterau II – Schotten, SPD Bettina Müller
67%
Wahlkreis 258: Stuttgart I, Bündnis 90/Die Grünen, Landwirtschaftsminister Cem Özdemir
67%
Wahlkreis 162: Chemnitz, SPD Detlef Müller
67%
Wahlkreis 149: Olpe – Märkischer Kreis I, CDU Florian Müller
67%
Wahlkreis 70: Dessau – Wittenberg, CDU Sepp Müller
67%
Wahlkreis 242: Erlangen, CSU Stefan Müller
67%
Wahlkreis 116: Duisburg II, SPD Mahmut Özdemir
65%
Wahlkreis 157: Görlitz, AfD, Parteivorsitzender, Fraktionsvorsitzender Tino Chrupalla
65%
Wahlkreis 248: Bad Kissingen, CSU Dorothee Bär
59%
Wahlkreis 229: Passau, CSU, Verkehrsminister Andreas Scheuer
58%
Wahlkreis 101: Leverkusen – Köln IV, SPD, Gesundheitsminister Karl Lauterbach
58%
Wahlkreis 35: Rotenburg I – Heidekreis, SPD, Parteivorsitzender Lars Klingbeil
55%
Wahlkreis 115: Duisburg I, SPD, Bundestagspräsidentin Bärbel Bas
53%
Wahlkreis 81:Berlin-Tempelhof – Schöneberg, SPD, Generalsekretär Kevin Kühnert
53%
Wahlkreis 45: Gifhorn – Peine, SPD, Arbeitsminister Hubertus Heil
52%
Wahlkreis 198: Ahrweiler, CDU Mechthild Heil
52%
Wahlkreis 226: Weilheim, CSU, Minister a.D. Alexander Dobrindt
45%
Wahlkreis 193: Erfurt – Weimar – Weimarer Land II, SPD, Ostbeauftragter Carsten Schneider
42%
Wahlkreis 29: Cuxhaven – Stade II, SPD Daniel Schneider
42%
Wahlkreis 172: Lahn-Dill, SPD Dagmar Schmidt
41%
Wahlkreis 174: Fulda, CDU Michael Brand
41%
Wahlkreis 55: Bremen II – Bremerhaven, SPD Uwe Schmidt
41%
Wahlkreis 124: Steinfurt I – Borken I, CDU Jens Spahn
39%
Wahlkreis 169: Werra-Meißner – Hersfeld-Rotenburg, SPD Michael Roth
39%
Wahlkreis 284: Offenburg, CDU, Bundestagspräsident a.D. Wolfgang Schäuble
38%
Wahlkreis 153: Leipzig II, Die Linke Sören Pellmann
36%
Wahlkreis 86: Berlin-Lichtenberg, Die Linke Gesine Lötzsch
35%
Wahlkreis 297: Saarlouis, SPD Heiko Maas
35%
Wahlkreis 7: Pinneberg, SPD - bitte lächeln :) Ralf Stegner
35%
Wahlkreis 271: Karlsruhe-Stadt, Bündnis 90/Die Grünen Zoe Mayer
32%
Wahlkreis 194: Gera – Greiz – Altenburger Land, AfD Stephan Brandner
32%
Wahlkreis 212: Altötting, CSU Stephan Mayer
32%
Wahlkreis 131: Gütersloh I, CDU, Fraktionsvorsitzender bis Februar 2022 Ralph Brinkhaus
30%
Wahlkreis 166: Vogtlandkreis, CDU, Bundestagsvize Yvonne Magwas
30%
Wahlkreis 128: Steinfurt III, CDU, Bildungsministerin Anja Karliczek
29%
Wahlkreis 196: Suhl – Schmalkalden-Meiningen – Hildburghausen – Sonneberg, SPD Frank Ullrich
29%
Wahlkreis 252: Augsburg-Stadt, CSU Volker Ullrich
29%
Wahlkreis 85: Berlin-Marzahn–Hellersdorf, CDU, Generalsekretär Mario Czaja
27%
Wahlkreis 140: Bochum I, SPD Axel Schäfer
24%
Wahlkreis 239: Hof, CSU, Parlamentsvize, Minister a.D. Hans-Peter Friedrich
24%
Wahlkreis 103: Solingen – Remscheid – Wuppertal II, SPD Ingo Schäfer
24%
Wahlkreis 219: München-Süd, Bündnis 90/Die Grünen Jamila Schäfer
24%
Wahlkreis 137: Paderborn – Gütersloh III, CDU Carsten Linnemann
23%
Wahlkreis 152: Leipzig I, CDU Jens Lehmann
23%
Wahlkreis 94: Köln II, Bündnis90/Die Grünen Sven Lehmann
23%
Wahlkreis 62: Dahme-Spreewald – Teltow-Fläming III – Oberspreewald-Lausitz I, SPD Sylvia Lehmann
23%
Wahlkreis 22: Hamburg-Wandsbek, Bundestagsvizepräsidentin, SPD Aydan Özoguz
21%
Wahlkreis 83: Berlin-Friedrichshain – Kreuzberg – Prenzlauer Berg Ost, Bündnis90/Die Grünen Canan Bayram
21%
Wahlkreis 183: Frankfurt am Main II, Bündnis 90/Die Grünen Omid Nouripour
21%
Wahlkreis 102: Wuppertal I, SPD Helge Lindh
20%
Wahlkreis 88: Aachen II, SPD Claudia Moll
18%
Wahlkreis 72: Halle, SPD Karamba Diaby
18%
Wahlkreis 98: Rhein-Sieg-Kreis II, CDU Norbert Röttgen
18%
Wahlkreis 150: Märkischer Kreis II, CDU Paul Ziemiak
18%
Wahlkreis 225: Traunstein, CSU Peter Ramsauer
18%
Wahlkreis 16: Mecklenburgische Seenplatte I – Vorpommern-Greifswald II, SPD Erik von Malottki
17%
Wahlkreis 5: Kiel, SPD Mathias Stein
17%
Wahlkreis 286: Schwarzwald-Baar, CDU Thorsten Frei
15%
Wahlkreis 97: Rhein-Sieg-Kreis I, CDU Elisabeth Winkelmeier-Becker
14%
Wahlkreis 26: Friesland – Wilhelmshaven – Wittmund, SPD Siemtje Möller
14%
Wahlkreis 32: Cloppenburg – Vechta, CDU Silvia Breher
14%
Wahlkreis 20: Hamburg-Eimsbüttel, Bündnis90/Die Grünen Till Steffen
14%
Wahlkreis 11: Lübeck, SPD Tim Klüssendorf
14%
Wahlkreis 148: Siegen-Wittgenstein, CDU Volkmar Klein
14%
Wahlkreis 287: Konstanz, CDU Andreas Jung
12%
Wahlkreis 182: Frankfurt am Main I, SPD Armand Zorn
12%
Wahlkreis 221: München-Land, CSU Florian Hahn
12%
Wahlkreis 191: Jena – Sömmerda – Weimarer Land I, SPD Holger Becker
12%
Wahlkreis 179: Wiesbaden, CDU Ingmar Jung
12%
Wahlkreis 47: Hannover-Land II, SPD Matthias Miersch
12%
Wahlkreis 141: Herne – Bochum II, SPD Michelle Müntefering
12%
Wahlkreis 87: Aachen I, Bündnis90/Die Grünen Oliver Krischer
12%
Wahlkreis 249: Main-Spessart, CSU Alexander Hoffmann
11%
Wahlkreis 108: Neuss I, CDU Hermann Gröhe
11%
Wahlkreis 296: Saarbrücken, SPD Josephine Ortleb
11%
Wahlkreis 12: Schwerin – Ludwigslust-Parchim I – Nordwestmecklenburg I, SPD Reem Alabali-Radovan
11%
Wahlkreis 95: Köln III, SPD, Fraktionsvorsitzender Rolf Mützenrich
11%
Wahlkreis 211: Südpfalz, SPD Thomas Hitschler
11%
Wahlkreis 65: Elbe-Elster – Oberspreewald-Lausitz II, SPD Hannes Walter
9%
Wahlkreis 24: Aurich – Emden, SPD Johann Saathoff
9%
Wahlkreis 156: Bautzen I, AfD Karsten Hilse
9%
Wahlkreis 189: Eichsfeld – Nordhausen – Kyffhäuserkreis, CDU Manfred Grund
9%
Wahlkreis 60: Brandenburg an der Havel – Potsdam-Mittelmark I – Havelland III – Teltow-Fläming I, SPD Sonja Eichwede
9%
Wahlkreis 203: Trier, SPD Verena Hubertz
9%
Wahlkreis 41: Stadt Hannover I, SPD Adis Ahmetovic
8%
Wahlkreis 247: Aschaffenburg, CSU Andrea Lindholz
8%
Wahlkreis 161: Mittelsachsen, AfD Carolin Bachmann
8%
Wahlkreis 222: Rosenheim, CSU Daniela Ludwig
8%
Wahlkreis 64: Cottbus – Spree-Neiße, SPD Maja Wallstein
8%
Wahlkreis 74: Mansfeld, AfD Robert Farle
8%
Wahlkreis 230: Rottal-Inn, CSU Max Straubinger
8%
Wahlkreis 105: Mettmann II, CDU Peter Beyer
8%
Wahlkreis 254: Donau-Ries, CSU Ulrich Lange
8%
Wahlkreis 134: Minden-Lübbecke I, SPD Achim Post
6%
Wahlkreis 255: Neu-Ulm, CSU Alexander Engelhard
6%
Wahlkreis 15: Vorpommern-Rügen – Vorpommern-Greifswald I, SPD Anna Kassautzki
6%
Wahlkreis 217: München-Nord, CSU Bernhard Loos
6%
Wahlkreis 136: Höxter – Lippe II, CDU Christian Haase
6%
Wahlkreis 8: Segeberg – Stormarn-Mitte, SPD Bengt Bergt
6%
Wahlkreis 205: Mainz, SPD Daniel Baldy
6%
Wahlkreis 234: Schwandorf, CSU Martina Englhardt-Kopf
6%
Wahlkreis 195: Saalfeld-Rudolstadt – Saale-Holzland-Kreis – Saale-Orla-Kreis, AfD Michael Kaufmann
6%
Wahlkreis 170: Schwalm-Eder, SPD Edgar Franke
6%
Wahlkreis 299: Homburg, CDU Esra Limbacher
6%
Wahlkreis 173: Gießen, SPD Felix Döring
6%
Wahlkreis 274: Heidelberg,Bündnis 90/Die Grünen Franziska Brantner
6%
Wahlkreis 37: Lüchow-Dannenberg – Lüneburg, SPD Jakob Blankenburg
6%
Wahlkreis 114: Krefeld II – Wesel II, SPD Jan Dieren
6%
Wahlkreis 187: Odenwald, SPD Jens Zimmermann
6%
Wahlkreis 178: Rheingau-Taunus – Limburg, CDU Klaus-Peter Willsch
6%
Wahlkreis 128: Münster, Bündnis90/Die Grünen Maria Klein-Schmeink
6%
Wahlkreis 40: Nienburg II – Schaumburg, SPD Marja-Liisa Völlers
6%
Wahlkreis 192: Gotha – Ilm-Kreis, AfD Markus Bühl
6%
Wahlkreis 120: Essen III, CDU Matthias Hauer
6%
Wahlkreis 10: Herzogtum Lauenburg – Stormarn-Süd, SPD Nina Scheer
6%
Wahlkreis 270: Aalen – Heidenheim, CDU Roderich Kiesewetter
6%
Wahlkreis 4: Rendsburg-Eckernförde, SPD Sönke Rix
6%
Wahlkreis 265: Ludwigsburg, CDU Steffen Bilger
6%
Wahlkreis 295: Zollernalb – Sigmaringen, CDU Thomas Bareiß
6%
Wahlkreis 132: Bielefeld – Gütersloh II, SPD Wiebke Esdar
6%
Wahlkreis 213: Erding – Ebersberg, CSU Andreas Lenz
5%
Wahlkreis 107: Düsseldorf II, SPD Andreas Rimkus
5%
Wahlkreis 281: Freiburg, Bündnis 90/Die Grünen Chantal Kopf
5%
Wahlkreis 298: St. Wedel, SPD Christian Petry
5%
Wahlkreis 27: Oldenburg – Ammerland, SPD Dennis Rohde
5%
Wahlkreis 238: Coburg, CSU Jonas Geissler
5%
Wahlkreis 96: Bonn, Bündnis90/Die Grünen Katrin Uhlig
5%
Wahlkreis 285: Rottweil – Tuttlingen, CDU Maria-Lena Weiss
5%
Wahlkreis 256: Oberallgäu, CSU, Minister für wirtschaftliche Zusammenarbeit Mechthilde Wittmann
5%
Wahlkreis 93: Köln I, SPD Sanae Abdi
5%
Wahlkreis 21: Hamburg-Nord, SPD Dorothee Martin
5%
Wahlkreis 18: Hamburg-Mitte, SPD Falko Droßmann
5%
Wahlkreis 228: Landshut, CSU Florian Oßner
5%
Wahlkreis 13: Ludwigslust-Parchim II – Nordwestmecklenburg II – Landkreis Rostock I, SPD Frank Junge
5%
Wahlkreis 44: Celle – Uelzen, CDU Henning Otte
5%
Wahlkreis 14: Rostock – Landkreis Rostock II, SPD Katrin Zschau
5%
Wahlkreis 6: Plön – Neumünster, SPD Kristian Klinck
5%
Wahlkreis 39: Stadt Osnabrück, SPD Manuel Gava
5%
Wahlkreis 63: Frankfurt (Oder) – Oder-Spree, SPD Mathias Papendieck
5%
Wahlkreis 188: Bergstraße, CDU Michael Meister
5%
Wahlkreis 77: Berlin-Reinickendorf, CDU Monika Grütters
5%
Wahlkreis 177: Wetterau I, SPD Natalie Pawlik
5%
Wahlkreis 278: Bruchsal – Schwetzingen, CDU Olav Gutting
5%
Wahlkreis 30: Stade I – Rotenburg II, CDU Oliver Grundmann
5%
Wahlkreis 233: Regensburg, CSU Peter Aumer
5%
Wahlkreis 216: Ingolstadt, CSU Reinhard Brandl
5%
Wahlkreis 143: Dortmund II, SPD Sabine Poschmann
5%
Wahlkreis 244: Nürnberg-Nord, CSU Sebastian Brehm
5%
Wahlkreis 76: Berlin-Pankow, Bündnis90/Die Grünen Stefan Gelbhaar
5%
Wahlkreis 57: Uckermark – Barnim I, SPD Stefan Zierke
5%
Wahlkreis 36: Harburg, SPD Svenja Stadler
5%
Wahlkreis 168: Kassel, SPD Timon Gremmels
5%
Wahlkreis 231: Straubing, CSU Alois Rainer
3%
Wahlkreis 290: Tübingen, CDU Anette Widmann-Mauz
3%
Wahlkreis 210: Pirmasens, SPD Angelika Glöckner
3%
Wahlkreis 58: : Oberhavel – Havelland II, SPD Ariane Fäscher
3%
Wahlkreis 241: Ansbach, CSU Artur Auernhammer
3%
Wahlkreis 2: Nordfriesland – Dithmarschen Nord, CDU Astrid Damerow
3%
Wahlkreis 48: Hildesheim, SPD Bernd Westphal
3%
Wahlkreis 9: Ostholstein – Stormarn-Nord, SPD Bettina Hagedorn
3%
Wahlkreis 185: Offenbach, CDU Björn Simon
3%
Wahlkreis 99: Oberbergischer Kreis, CDU Carsten Brodesser
3%
Wahlkreis 92: Euskirchen – Rhein-Erft-Kreis II, CDU Detlef Seif
3%
Wahlkreis 82: Berlin-Neukölln, SPD Hakan Demir
3%
Wahlkreis 66: Altmark, SPD Herbert Wollmann
3%
Wahlkreis 71: Anhalt, AfD Kay-Uwe Ziegler
3%
Wahlkreis 246: Roth, CSU Ralph Edelhäußer
3%
Wahlkreis 232: Amberg, CSU Susanne Hierl
3%
Wahlkreis 240: Kulmbach, CSU Emmi Zeulner
3%
Wahlkreis 167: Waldeck, SPD Esther Dilcher
3%
Wahlkreis 266: Nackar-Zaber, CDU Fabian Gramling
3%
Wahlkreis 51: Helmstedt – Wolfsburg, SPD Falko Mohrs
3%
Wahlkreis 25: Unterems, CDU Gitta Connemann
3%
Wahlkreis 75: Berlin-Mitte, Bündnis90/Die Grünen Hanna Steinmüller
3%
Wahlkreis 253: Augsburg-Land, CSU Hansjörg Durz
3%
Wahlkreis 146: Soest, CDU Hans-Jürgen Thies
3%
Wahlkreis 275: Mannheim, SPD Isabel Cademartori
3%
Wahlkreis 201: Kreuznach, SPD Joe Weingarten
3%
Wahlkreis 17: Mecklenburgische Seenplatte II – Landkreis Rostock III, SPD Johannes Arlt
3%
Wahlkreis 208: Neustadt – Speyer, CDU Johannes Steiniger
3%
Wahlkreis 199: Koblenz, CDU Josef Oster
3%
Wahlkreis 215: Fürstenfeldbruck, CSU Katrin Staffler
3%
Wahlkreis 104: Mettmann I, CDU Klaus Wiener
3%
Wahlkreis 160: Dresden II – Bautzen II, CDU Lars Rohwer
3%
Wahlkreis 127: Coesfeld – Steinfurt II, CDU Marc Henrichmann
3%
Wahlkreis 159. Dresden I, CDU Markus Reichel
3%
Wahlkreis 123: Gelsenkirchen, SPD Markus Töns
3%
Wahlkreis 289: Reutlingen, CDU Michael Donth
3%
Wahlkreis 245: Nürnberg-Süd, CSU Michael Frieser
3%
Wahlkreis 262: Nürtingen, CDU Michael Hennrich
3%
Wahlkreis 224: Starnberg – Landsberg am Lech, CSU Michael Kießling
3%
Wahlkreis 276: Odenwald – Tauber, CDU Nina Warken
3%
Wahlkreis 144: Unna I, SPD Oliver Kaczmarek
3%
Wahlkreis 202: Bitburg, CDU Patrick Schnieder
3%
Wahlkreis 113: Wesel I, SPD Rainer Keller
3%
Wahlkreis 151: Nordsachsen, AfD René Bochmann
3%
Wahlkreis 54: Bremen I, SPD Sarah Ryglewski
3%
Wahlkreis 118: Mülheim – Essen I, SPD Sebastian Fiedler
3%
Wahlkreis 237: Bayreuth, CSU Silke Launert
3%
Wahlkreis 59: Märkisch-Oderland – Barnim II, SPD Simona Koß
3%
Wahlkreis 171: Marburg, SPD Sören Bartol
3%
Wahlkreis 220: München-West/Mitte, CSU Stephan Pilsinger
3%
Wahlkreis 204: Montabaur, SPD Tanja Machalet
3%
Wahlkreis 79: Berlin-Steglitz – Zehlendorf, CDU Thomas Heilmann
3%
Wahlkreis 236: Bamberg, CSU Thomas Silberhorn
3%
Wahlkreis 138: Hagen – Ennepe-Ruhr-Kreis I, SPD Timo Schisanowski
3%
Wahlkreis 56: Prignitz – Ostprignitz-Ruppin – Havelland I, SPD Wiebke Papenbrock
3%
Wahlkreis 218: München-Ost, CSU Wolfgang Stefinger
3%
Wahlkreis 42: Stadt Hannover II, SPD Yasmin Fahimi
3%
Wahlkreis 235: Weiden, CSU Albert Rupprecht
2%
Wahlkreis 223: Bad Tölz-Wolfratshausen – Miesbach, CSU Alexander Gamal Radwan
2%
Wahlkreis 267: Heilbronn, CDU Alexander Throm
2%
Wahlkreis 250: Schweinfurt, CSU Anja Weisgerber
2%
Wahlkreis 110: Krefeld I – Neuss II, CDU Ansgar Heveling
2%
Wahlkreis 139: Ennepe-Ruhr-Kreis II, SPD Axel Echeverria
2%
Wahlkreis 155: Meißen, AfD Barbara Lenk
2%
Wahlkreis 122: Recklinghausen II, SPD Brian Nickholz
2%
Wahlkreis 268: Schwäbisch Hall – Hohenlohe, CDU Christian von Stetten
2%
Wahlkreis 50: Braunschweig, SPD Christos Pantazis
2%
Wahlkreis 119: Essen II, SPD Dirk Heidenblut
2%
Wahlkreis 117: Oberhausen – Wesel III, SPD Dirk Vöpel
2%
Wahlkreis 186: Darmstadt, SPD Andreas Larem
2%
Wahlkreis 53: Göttingen, SPD Andreas Philippi
2%
Wahlkreis 207: Ludwigshafen/Frankenthal, SPD Christian Schreider
2%
Wahlkreis 264: Waiblingen, CDU Christina Stumpp
2%
Wahlkreis 67: Börde – Jerichower Land, SPD Franziska Kersten
2%
Wahlkreis 130: Warendorf, CDU Henning Rehbaum
2%
Wahlkreis 269: Backnang – Schwäbisch Gmünd, CDU Ingeborg Gräßle
2%
Wahlkreis 142: Dortmund I, SPD Jens Peick
2%
Wahlkreis 69: Magdeburg, SPD Martin Kröber
2%
Wahlkreis 209: Kaiserslautern, SPD Matthias Mieves
2%
Wahlkreis 277: Rhein-Neckar, CDU Moritz Oppelt
2%
Wahlkreis 272: Karlsruhe-Land, CDU Nicolas Zippelius
2%
Wahlkreis 243: Fürth, CSU Tobias Winkler
2%
Wahlkreis 293: Bodensee, CDU Volker Mayer-Lay
2%
Wahlkreis 49: Salzgitter – Wolfenbüttel, SPD Dunja Kreiser
2%
Wahlkreis 214: Freising, CSU Erich Irlstorfer
2%
Wahlkreis 288: Waldshut, CDU Felix Schreiner
2%
Wahlkreis 121: Recklinghausen I, SPD Frank Schwabe
2%
Wahlkreis 52: Goslar – Northeim – Osterode, SPD Frauke Heiligenstadt
2%
Wahlkreis 91: Rhein-Erft-Kreis I, CDU Georg Kippels
2%
Wahlkreis 109: Mönchengladbach, CDU Günter Krings
2%
Wahlkreis 68: Harz, CDU Heike Brehmer
2%
Wahlkreis 78: Berlin-Spandau – Charlottenburg Nord, SPD Helmut Kleebank
2%
Wahlkreis 263: Göppingen, CDU Hermann Färber
2%
Wahlkreis 100: Rheinisch-Bergischer Kreis, CDU Hermann-Josef Tebroke
2%
Wahlkreis 206: Worms, CDU Jan Metzler
2%
Wahlkreis 126: Borken II, CDU Johannes Röring
2%
Wahlkreis 46: Hameln-Pyrmont – Holzminden, SPD Johannes Schraps
2%
Wahlkreis 292: Biberach, CDU Josef Rief
2%
Wahlkreis 135: Lippe I, SPD Jürgen Berghahn
2%
Wahlkreis 273: Rastatt, CDU Karl Whittaker
2%
Wahlkreis 180: Hanau, SPD Lennard Oehl
2%
Wahlkreis 19: Hamburg-Altona, Bündnis90/Die Grünen Linda Heitmann
2%
Wahlkreis 260: Böblingen, CDU Marc Biadacz
2%
Wahlkreis 3: Steinburg – Dithmarschen Süd, CDU Mark Helfrich
2%
Wahlkreis 261: Esslingen, CDU Markus Grübel
2%
Wahlkreis 176: Hochtaunus, CDU Markus Koob
2%
Wahlkreis 200: Mosel/Rhein-Hunsrück, CDU Marlon Bröhr
2%
Wahlkreis 111: Viersen, CDU Martin Plum
2%
Wahlkreis 259: Stuttgart II, CDU Maximilian Mörseburg
2%
Wahlkreis 184: Groß-Gerau, SPD Melanie Wegling
2%
Wahlkreis 125: Bottrop – Recklinghausen III, SPD Michael Gerdes
2%
Wahlkreis 145: Hamm – Unna II, SPD Michael Thews
2%
Wahlkreis 251: Würzburg, CSU Paul Lehrieder
2%
Wahlkreis 43: Hannover-Land I, SPD Rebecca Schamber
2%
Wahlkreis 133: Herford – Minden-Lübbecke II, SPD Stefan Schwartze
2%
Wahlkreis 257: Ostallgäu, CSU Stephan Stracke
2%
Wahlkreis 28: Delmenhorst – Wesermarsch – Oldenburg-Land, SPD Susanne Mittag
2%
Wahlkreis 227: Deggendorf, CSU Thomas Erndl
2%
Wahlkreis 106: Düsseldorf I, CDU Thomas Jarzombek
2%
Wahlkreis 90: Düren, CDU Thomas Rachel
2%
Wahlkreis 283: Emmendingen – Lahr, CDU Yannick Bury
2%
Wahlkreis 31: Mittelems, CDU Albert Stegemann
0%
Wahlkreis 34: Osterholz – Verden, CDU Andreas Mattfeldt
0%
Wahlkreis 38: Osnabrück-Land, CDU André Berghegger
0%
Wahlkreis 33: Diepholz – Nienburg I, CDU Axel Knoerig
0%
Wahlkreis 282: Lörrach – Müllheim, CDU Diana Stöcker
0%
Wahlkreis 73: Burgenland – Saalekreis, CDU Dieter Stier
0%
Wahlkreis 165: Zwickau, AfD Matthias Moosdorf
0%
Wahlkreis 163: Chemnitzer Umland – Erzgebirgskreis II, AfD Mike Moncsek
0%
Wahlkreis 154: Leipzig-Land, AfD Edgar Naujok
0%
Wahlkreis 197: Neuwied, CDU Erwin Rüddel
0%
Wahlkreis 279: Pforzheim, CDU Gunther Kirchbaum
0%
Wahlkreis 280: Calw, CDU Klaus Mack
0%
Wahlkreis 190: Eisenach – Wartburgkreis – Unstrut-Hainich-Kreis, AfD Klaus Stöber
0%
Wahlkreis 23: Hamburg-Bergedorf – Harburg, SPD Metin Hakverdi
0%
Wahlkreis 181: Main-Taunus, CDU Norbert Altenkamp
0%
Wahlkreis 291: Ulm, CDU Ronja Kemmer
0%
Wahlkreis 112: Kleve, CDU Stefan Rouenhoff
0%
Wahlkreis 158: Sächsische Schweiz – Osterzgebirge, AfD Steffen Janich
0%
Wahlkreis 164: Erzgebirgskreis I, AfD Thomas Dietz
0%
Wahlkreis 89: Heinsberg, CDU Wilfried Oellers
0%
Keine übereinstimmenden Quizze gefunden
Verteilung der Resultate
Anzahl Personen mit jedem Resultat
Perzentil nach korrekt beantworteten Fragen
Ihre Resultats-Entwicklung
Sie haben dieses Quiz noch nicht gespielt